[Event "XXIX Memorial Edoardo Crespi A"]
[Site "Milano ITA"]
[Date "2008.12.11"]
[Round "7"]
[White "Burlando, Alessandro"]
[Black "Battistella, Stefano"]
[Result "1/2-1/2"]
[WhiteElo "2162"]
[BlackElo "2088"]
[PlyCount "112"]
[EventDate "2008.12.06"]

1. d4 Nf6 2. c4 c5 3. d5 e5 4. Nc3 d6 5. e4 Be7 6. Bd3 Nbd7 7. Nge2 O-O 8. O-O
Ne8 9. g3 g6 10. Qc2 Ng7 11. f3 Kh8 12. Be3 Nf6 13. Kg2 Ng8 14. Qd2 f5 15. f4
fxe4 16. Nxe4 exf4 17. Bxf4 Bf5 18. Rae1 Qd7 19. Nf2 Rae8 20. Bxf5 gxf5 21. Nh3
Nf6 22. Nc3 Ng4 23. Ng5 Bf6 24. h3 Ne5 25. b3 a6 26. a4 Ng6 27. Nd1 Nxf4+ 28.
Qxf4 Kg8 29. Nf3 b5 30. axb5 axb5 31. Nf2 bxc4 32. bxc4 Rb8 33. Re2 Rbe8 34.
Rfe1 Rxe2 35. Rxe2 Re8 36. Rxe8+ Nxe8 37. Nh4 Ng7 38. Nf3 Qe7 39. h4 Kf7 40.
Qh6 Kg8 41. Ng5 Bxg5 42. hxg5 Qe5 43. g6 hxg6 44. Qxg6 Kf8 45. Qg5 Qe7 46. Qf4
Ke8 47. Kf3 Kd7 48. Qh6 Qf7 49. Kg2 Nh5 50. Nh3 Ng7 51. Ng5 Qe7 52. Kf3 f4 53.
g4 Qe3+ 54. Kg2 Qe2+ 55. Kh3 Qe3+ 56. Kg2 Qe2+ 1/2-1/2

[Event "XXIX Memorial Edoardo Crespi A"]
[Site "Milano ITA"]
[Date "2008.12.11"]
[Round "7"]
[White "Calella, Sergio"]
[Black "Loehnhardt, Benjamin"]
[Result "1-0"]
[WhiteElo "2132"]
[BlackElo "2113"]
[PlyCount "81"]
[EventDate "2008.12.06"]

1. e4 e6 2. d4 b6 3. Bd3 Bb7 4. Nf3 c5 5. c3 Nf6 6. Qe2 Be7 7. O-O Nc6 8. a3
Na5 9. Bg5 Nb3 10. Ra2 cxd4 11. cxd4 h6 12. Bxf6 Bxf6 13. d5 Rc8 14. Qe3 Qc7
15. e5 Nc1 16. exf6 gxf6 17. dxe6 fxe6 18. Ra1 Rg8 19. Bb5 Kf7 20. Nbd2 a6 21.
Bc4 b5 22. Raxc1 bxc4 23. Rxc4 Bc6 24. Qxh6 Qa5 25. Ne4 Bxe4 26. Rxe4 Qb5 27.
Rd1 d5 28. Rf4 Qxb2 29. Ng5+ Ke7 30. Qh7+ Kd6 31. Ne4+ Ke5 32. g3 Rc1 33. Kg2
Rxd1 34. Qc7+ Kd4 35. Nc3+ Kd3 36. Nxd1 Qe5 37. Rf3+ Kd2 38. Qa5+ Kc1 39. Rc3+
Kxd1 40. Qa4+ Kd2 41. Qc2+ 1-0

[Event "XXIX Memorial Edoardo Crespi A"]
[Site "Milano ITA"]
[Date "2008.12.11"]
[Round "7"]
[White "Crippa, Gabriele"]
[Black "Facchetti, Gianni"]
[Result "0-1"]
[WhiteElo "2080"]
[BlackElo "2154"]
[PlyCount "104"]
[EventDate "2008.12.06"]

1. d4 Nf6 2. Nf3 d6 3. Nc3 Nbd7 4. e4 e5 5. Bc4 Be7 6. dxe5 Nxe5 7. Nxe5 dxe5
8. Qxd8+ Bxd8 9. Be3 c6 10. Bc5 Be7 11. Bxe7 Kxe7 12. a4 Rd8 13. Ke2 Rd4 14.
Bd3 Be6 15. f3 Rad8 16. Ke3 a5 17. Ne2 R4d6 18. Rhb1 Nd7 19. b4 axb4 20. Rxb4
Nc5 21. Nc1 f6 22. a5 R8d7 23. Ra3 Rd4 24. Rb6 Ra4 25. Rxa4 Nxa4 26. Rb4 Nc5
27. Nb3 Bxb3 28. Rxb3 Nxb3 29. cxb3 c5 30. Bc4 Kd6 31. Bd5 Kc7 32. Kd3 b5 33.
Kc3 Kd6 34. b4 Ra7 35. h4 g5 36. h5 h6 37. g4 Kc7 38. Be6 Kb8 39. bxc5 Rxa5 40.
Kb4 Ra1 41. Kxb5 Kc7 42. Kc4 Rc1+ 43. Kd5 Rd1+ 44. Kc4 Rd4+ 45. Kc3 Kc6 46. Bc4
Kxc5 47. Bd3 Ra4 48. Kb3 Ra5 49. Bc4 Kd4 50. Be6 Rc5 51. Kb4 Rc1 52. Kb5 Ke3
0-1

[Event "XXIX Memorial Edoardo Crespi A"]
[Site "Milano ITA"]
[Date "2008.12.11"]
[Round "7"]
[White "Damia, Angelo"]
[Black "Sulashvili, Malkhaz"]
[Result "0-1"]
[WhiteElo "2221"]
[BlackElo "2495"]
[PlyCount "52"]
[EventDate "2008.12.06"]

1. e4 c6 2. d4 d5 3. exd5 cxd5 4. Bd3 Nf6 5. c3 Nc6 6. Bg5 g6 7. Ne2 Bg7 8. O-O
O-O 9. f4 Qb6 10. Bxf6 Bxf6 11. Qb3 Bf5 12. Bxf5 gxf5 13. Nd2 e6 14. Nf3 Qxb3
15. axb3 a5 16. Kf2 Rfb8 17. Ke3 b5 18. Kd3 b4 19. Nd2 Kf8 20. Ra4 Ra7 21. Rfa1
Ke7 22. Nf1 Rg8 23. g3 Rb7 24. Ne3 h5 25. Rf1 Rbb8 26. Raa1 26... h4 {...} 0-1

[Event "XXIX Memorial Edoardo Crespi A"]
[Site "Milano ITA"]
[Date "2008.12.11"]
[Round "7"]
[White "Mastroddi, Emiliano"]
[Black "Brigati, Alessandro"]
[Result "1/2-1/2"]
[WhiteElo "2069"]
[BlackElo "2090"]
[PlyCount "37"]
[EventDate "2008.12.06"]

1. e4 d6 2. d4 Nf6 3. Nc3 g6 4. f4 Bg7 5. Nf3 O-O 6. Bd3 b6 7. Qe2 e6 8. e5 Nd5
9. Ne4 Nb4 10. Bb5 d5 11. Nf2 c6 12. c3 Nxa2 13. Rxa2 cxb5 14. Qxb5 a5 15. Qe2
Ba6 16. Qd1 Qc7 17. Nd2 Rc8 18. h4 Nc6 19. Ra1 1/2-1/2

[Event "XXIX Memorial Edoardo Crespi A"]
[Site "Milano ITA"]
[Date "2008.12.11"]
[Round "7"]
[White "Movsziszian, Karen"]
[Black "Kasparov, Sergey"]
[Result "1/2-1/2"]
[WhiteElo "2558"]
[BlackElo "2492"]
[PlyCount "28"]
[EventDate "2008.12.06"]

1. d4 Nf6 2. c4 c5 3. d5 b5 4. cxb5 a6 5. e3 d6 6. Nc3 g6 7. a4 axb5 8. Bxb5+
Bd7 9. Nge2 Bg7 10. O-O O-O 11. Ra3 Bxb5 12. Nxb5 Na6 13. Nec3 Nc7 14. Qd3 Nxb5
1/2-1/2

[Event "XXIX Memorial Edoardo Crespi A"]
[Site "Milano ITA"]
[Date "2008.12.11"]
[Round "7"]
[White "Nicolo', Filippo"]
[Black "Barlocco, Carlo"]
[Result "1-0"]
[WhiteElo "2094"]
[BlackElo "2144"]
[PlyCount "83"]
[EventDate "2008.12.06"]

1. e4 Nf6 2. Nc3 d5 3. e5 Nfd7 4. d4 Nb6 5. Nf3 Bg4 6. Be2 e6 7. Ng5 Bxe2 8.
Nxe2 Be7 9. h4 c5 10. c3 Nc6 11. Nf4 Bxg5 12. hxg5 Qxg5 13. a4 cxd4 14. cxd4
Nc4 15. Kf1 Qe7 16. b3 N4a5 17. Ba3 Nb4 18. Nd3 Nac6 19. a5 b6 20. Rc1 bxa5 21.
Rxc6 Qd7 22. Rc5 Nc6 23. Qg4 O-O-O 24. b4 Kb8 25. b5 Ne7 26. Qe2 Ka8 27. Qd2
Nf5 28. Qxa5 Qb7 29. Rc7 Qb6 30. Qxb6 axb6 31. Bb2 Rc8 32. Rxc8+ Rxc8 33. Rxh7
Rc4 34. Ke2 f6 35. g4 Nxd4+ 36. Bxd4 Rxd4 37. Rxg7 fxe5 38. f3 e4 39. Ne5 exf3+
40. Kxf3 Ra4 41. Nc6 e5 42. Ra7+ 1-0

[Event "XXIX Memorial Edoardo Crespi A"]
[Site "Milano ITA"]
[Date "2008.12.11"]
[Round "7"]
[White "Pedini, Dario"]
[Black "Solodovnichenko, Yuri"]
[Result "0-1"]
[WhiteElo "2123"]
[BlackElo "2590"]
[PlyCount "88"]
[EventDate "2008.12.06"]

1. e4 c5 2. Nc3 Nc6 3. g3 g6 4. Bg2 Bg7 5. d3 d6 6. Be3 Rb8 7. Qd2 b5 8. Nge2
Nd4 9. O-O e6 10. Nd1 b4 11. Re1 Qa5 12. Bf4 e5 13. Be3 Ne7 14. c3 Nb3 15. axb3
Qxa1 16. d4 cxd4 17. cxd4 Ba6 18. d5 O-O 19. Bxa7 Rb7 20. Be3 Rc8 21. Bh3 Rcc7
22. Bg5 f6 23. Be6+ Kh8 24. Bh6 Qb1 25. Bxg7+ Kxg7 26. Qe3 Rc2 27. Bg4 Rxb2 28.
Nxb2 Qxe1+ 29. Kg2 Qb1 30. Nc4 Bxc4 31. bxc4 Qc2 32. c5 Qxc5 33. Qb3 f5 34. Bf3
fxe4 35. Bxe4 Ng8 36. Bf3 Nf6 37. Qb2 b3 38. g4 Qc2 39. Qa3 e4 40. Nf4 exf3+
41. Kg3 Ne4+ 42. Kh3 Nxf2+ 43. Kh4 g5+ 44. Kxg5 Ne4+ 0-1

[Event "XXIX Memorial Edoardo Crespi A"]
[Site "Milano ITA"]
[Date "2008.12.11"]
[Round "7"]
[White "Profumo, Alberto"]
[Black "Morchiashvili, Bachana"]
[Result "0-1"]
[WhiteElo "2231"]
[BlackElo "2411"]
[PlyCount "60"]
[EventDate "2008.12.06"]

1. Nf3 Nf6 2. c4 c5 3. Nc3 e6 4. g3 b6 5. Bg2 Bb7 6. O-O Be7 7. Re1 d5 8. cxd5
exd5 9. d4 O-O 10. Bf4 Nbd7 11. Rc1 a6 12. dxc5 Nxc5 13. Nd4 Re8 14. Nf5 Bf8
15. Bg5 h6 16. Bxf6 Qxf6 17. Nd4 Rad8 18. e3 Qg6 19. Re2 Nd3 20. Rcc2 Bb4 21.
Nb1 Bc5 22. a3 Bc8 23. Red2 Bxd4 24. Rxd3 Bf5 25. Rcd2 Bxd3 26. Rxd3 Bxb2 27.
Bxd5 Rc8 28. Kg2 Rc1 29. Qb3 Rxb1 30. Rd2 Bc1 0-1

[Event "XXIX Memorial Edoardo Crespi A"]
[Site "Milano ITA"]
[Date "2008.12.11"]
[Round "7"]
[White "Pucovski, Miroslav"]
[Black "Massironi, Marco"]
[Result "1/2-1/2"]
[WhiteElo "2343"]
[BlackElo "2169"]
[PlyCount "33"]
[EventDate "2008.12.06"]

1. e4 c5 2. c3 d6 3. d4 Nf6 4. Bd3 e5 5. dxe5 dxe5 6. Bg5 Nc6 7. Na3 Be6 8. f3
a6 9. Bc4 b5 10. Bxe6 fxe6 11. Nc2 c4 12. Nh3 Bc5 13. Qxd8+ Rxd8 14. Ke2 h6 15.
Be3 Nd7 16. a4 Bxe3 17. axb5 1/2-1/2

[Event "XXIX Memorial Edoardo Crespi A"]
[Site "Milano ITA"]
[Date "2008.12.11"]
[Round "7"]
[White "Salmoiraghi, Angelo"]
[Black "Kasparova, Tatiana"]
[Result "1/2-1/2"]
[WhiteElo "2122"]
[BlackElo "2185"]
[PlyCount "105"]
[EventDate "2008.12.06"]

1. e4 c6 2. d4 d5 3. Nc3 dxe4 4. Nxe4 Bf5 5. Ng3 Bg6 6. Bc4 e6 7. N1e2 Nf6 8.
O-O Bd6 9. f4 Qc7 10. f5 Bxf5 11. Nxf5 exf5 12. Rxf5 Bxh2+ 13. Kh1 Bd6 14. Bh6
gxh6 15. Rxf6 Rf8 16. Nc3 Nd7 17. Qe2+ Be7 18. Rxh6 Nb6 19. Nb5 cxb5 20. Bxb5+
Kd8 21. Re1 Nc8 22. Rh5 Qg3 23. Rh3 Qf4 24. Rc3 Qh4+ 25. Kg1 Nd6 26. Rh3 Qf6
27. Re3 Nf5 28. Re5 Bd6 29. Qd3 Ne7 30. Qh3 Kc7 31. Qd7+ Kb8 32. Rxe7 Qxd4+ 33.
R1e3 Qb6 34. Re8+ Rxe8 35. Qxe8+ Kc7 36. Qxf7+ Kb8 37. Qg8+ Kc7 38. Qxh7+ Kb8
39. Qg8+ Kc7 40. Qf7+ Kb8 41. Qe8+ Kc7 42. Qd7+ Kb8 43. Kh1 a6 44. Re6 Ka7 45.
Bd3 Rh8+ 46. Bh7 Rd8 47. Rxd6 Rxd7 48. Rxd7 Qc6 49. Bf5 Qh6+ 50. Bh3 Qc1+ 51.
Kh2 Qxc2 52. Bg4 Qf2 53. Bf3 1/2-1/2

[Event "XXIX Memorial Edoardo Crespi A"]
[Site "Milano ITA"]
[Date "2008.12.11"]
[Round "7"]
[White "Salvador, Roland"]
[Black "Ljubicic, Filip"]
[Result "1-0"]
[WhiteElo "2464"]
[BlackElo "2415"]
[PlyCount "59"]
[EventDate "2008.12.06"]

1. d4 d5 2. Nf3 e6 3. c4 c5 4. cxd5 exd5 5. g3 Nc6 6. Bg2 Nf6 7. O-O Be7 8. Nc3
O-O 9. Bg5 c4 10. Ne5 Be6 11. b3 Qa5 12. Nxc6 bxc6 13. Na4 Rab8 14. Bd2 Qb5 15.
Bf4 Rb7 16. Nc3 Qa5 17. Qc2 cxb3 18. axb3 Qb6 19. Qd3 a5 20. Rfc1 Rc8 21. h3 h5
22. e3 g6 23. Bf1 Bf5 24. Qd1 Nd7 25. Nxd5 cxd5 26. Rxc8+ Kg7 27. g4 hxg4 28.
hxg4 Be6 29. Ra8 Bb4 30. Qf3 1-0

[Event "XXIX Memorial Edoardo Crespi A"]
[Site "Milano ITA"]
[Date "2008.12.11"]
[Round "7"]
[White "Stella, Andrea"]
[Black "Drazic, Sinisa"]
[Result "0-1"]
[WhiteElo "2234"]
[BlackElo "2528"]
[PlyCount "132"]
[EventDate "2008.12.06"]

1. d4 g6 2. c4 Bg7 3. Nc3 d6 4. e4 e5 5. d5 Nd7 6. Be3 Bh6 7. Bxh6 Nxh6 8. Qd2
Ng4 9. f3 Ngf6 10. Bd3 a5 11. Nge2 h5 12. b3 Kf8 13. O-O Kg7 14. a3 h4 15. b4
c6 16. dxc6 bxc6 17. Qe3 Bb7 18. Bc2 Qb6 19. Qxb6 Nxb6 20. Bb3 Rhd8 21. Na4
Nxa4 22. Bxa4 Nd7 23. Kf2 Kf6 24. Ke3 Ke7 25. Rfc1 axb4 26. axb4 Ra7 27. Bb3
Rda8 28. Rxa7 Rxa7 29. Kd2 c5 30. b5 f5 31. Bc2 Ke6 32. Nc3 Nf6 33. Bd3 Ra8 34.
Rc2 fxe4 35. Nxe4 Nd7 36. Nc3 Nb6 37. h3 g5 38. Ra2 Rxa2+ 39. Nxa2 d5 40. cxd5+
Bxd5 41. Nc3 Kd6 42. Be4 Be6 43. Bd3 c4 44. Ne4+ Kd5 45. Bc2 Kd4 46. Nxg5 c3+
47. Kc1 Bd7 48. f4 exf4 49. Nf3+ Ke3 50. Nxh4 Bxb5 51. Ng6 Nd5 52. h4 Nf6 53.
Ne5 Bf1 54. Bg6 Bxg2 55. h5 Kd4 56. Nd3 f3 57. h6 Bf1 58. Ne1 f2 59. Nc2+ Ke5
60. h7 Nxh7 61. Bxh7 Bb5 62. Ne3 Kf4 63. Nd5+ Kf3 64. Be4+ Kxe4 65. Nxc3+ Kf3
66. Nxb5 f1=Q+ 0-1

[Event "XXIX Memorial Edoardo Crespi A"]
[Site "Milano ITA"]
[Date "2008.12.11"]
[Round "7"]
[White "Tahirovic, Adnan"]
[Black "Borin, Fabio"]
[Result "0-1"]
[WhiteElo "1938"]
[BlackElo "2130"]
[PlyCount "94"]
[EventDate "2008.12.06"]

1. e4 c5 2. Nf3 d6 3. g3 g6 4. Bg2 Bg7 5. d3 Nf6 6. c3 O-O 7. O-O c4 8. dxc4
Nxe4 9. Nd4 Nf6 10. Qb3 Nbd7 11. a4 Nc5 12. Qa3 a6 13. Rd1 Qc7 14. b4 Ncd7 15.
Qb3 Ng4 16. h3 Nge5 17. Na3 Nb6 18. Bf1 Bd7 19. b5 Rfc8 20. a5 Nbxc4 21. Nxc4
Nxc4 22. b6 Qc5 23. Qb4 Rab8 24. Rb1 Nxa5 25. Qxc5 Rxc5 26. Ba3 Rcc8 27. Re1
Kf8 28. Re3 Bf6 29. Rb4 Nc6 30. Nxc6 Rxc6 31. c4 Bd4 32. Bg2 Rcc8 33. Rd3 Bc5
34. Rc3 Bxb4 35. Bxb4 Be6 36. Bf1 Rc6 37. Ba5 Rbc8 38. Bg2 d5 39. Rd3 Rxc4 40.
Bd2 Ke8 41. Bf4 R8c6 42. Rb3 R6c5 43. Ra3 Rb5 44. Re3 d4 45. Bxb7 Rxb6 46. Bxa6
dxe3 47. Bxc4 exf2+ 0-1

[Event "XXIX Memorial Edoardo Crespi A"]
[Site "Milano ITA"]
[Date "2008.12.11"]
[Round "7"]
[White "Valenti, Giuseppe"]
[Black "Cazzaniga, Walter"]
[Result "1/2-1/2"]
[WhiteElo "2162"]
[BlackElo "2160"]
[PlyCount "34"]
[EventDate "2008.12.06"]

1. e4 e6 2. d4 d5 3. Nd2 Nf6 4. e5 Nfd7 5. Bd3 c5 6. c3 Nc6 7. Ne2 cxd4 8. cxd4
f6 9. exf6 Nxf6 10. Nf3 Bd6 11. O-O O-O 12. Nc3 a6 13. h3 Bd7 14. Re1 Qc7 15.
Be3 Rae8 16. Rc1 Qb8 17. Bb1 Re7 1/2-1/2

[Event "XXIX Memorial Edoardo Crespi A"]
[Site "Milano ITA"]
[Date "2008.12.12"]
[Round "8"]
[White "Agrifoglio, Fabio"]
[Black "Mastroddi, Emiliano"]
[Result "0-1"]
[WhiteElo "1998"]
[BlackElo "2069"]
[PlyCount "100"]
[EventDate "2008.12.06"]

1. d4 d5 2. c4 c6 3. Nc3 Nf6 4. Nf3 e6 5. cxd5 exd5 6. Bg5 Be7 7. e3 Bf5 8. Bd3
Bxd3 9. Qxd3 Nbd7 10. O-O O-O 11. Qf5 Re8 12. Rfe1 g6 13. Qh3 Ne4 14. Bh6 Bf8
15. Nxe4 dxe4 16. Nd2 Bxh6 17. Qxh6 Nb6 18. Rad1 f5 19. f3 exf3 20. Nxf3 Qe7
21. Ne5 Nd7 22. Nxg6 Qf6 23. d5 Qxg6 24. Qxg6+ hxg6 25. dxc6 Nb6 26. Rd6 Kg7
27. Rc1 Rac8 28. a4 Rxc6 29. Rcxc6 bxc6 30. a5 Nc4 31. Rxc6 Nxa5 32. Rc7+ Kh6
33. Kf2 a6 34. b4 Nb3 35. Rc6 Re4 36. Rb6 a5 37. bxa5 Nxa5 38. Rb8 Nc4 39. Rb3
Kg5 40. Rd3 Ne5 41. Rd1 Ng4+ 42. Kg1 Nxe3 43. Rc1 Rd4 44. Kf2 Ng4+ 45. Kg1 Rd2
46. Re1 f4 47. h3 Ne3 48. Kh1 Kh4 49. Rg1 Kg3 50. Re1 Rd1 0-1

[Event "XXIX Memorial Edoardo Crespi A"]
[Site "Milano ITA"]
[Date "2008.12.12"]
[Round "8"]
[White "Barlocco, Carlo"]
[Black "Salmoiraghi, Angelo"]
[Result "1/2-1/2"]
[WhiteElo "2144"]
[BlackElo "2122"]
[PlyCount "30"]
[EventDate "2008.12.06"]

1. d4 Nf6 2. Nc3 d5 3. Bf4 e6 4. a3 a5 5. e3 c6 6. Nf3 Nbd7 7. Bd3 Be7 8. Ne5
Nxe5 9. Bxe5 O-O 10. Qf3 Nd7 11. Bg3 b5 12. O-O Ba6 13. e4 b4 14. axb4 Bxd3 15.
Qxd3 axb4 1/2-1/2

[Event "XXIX Memorial Edoardo Crespi A"]
[Site "Milano ITA"]
[Date "2008.12.12"]
[Round "8"]
[White "Battistella, Stefano"]
[Black "Massironi, Marco"]
[Result "1-0"]
[WhiteElo "2088"]
[BlackElo "2169"]
[PlyCount "91"]
[EventDate "2008.12.06"]

1. d4 d5 2. c4 c6 3. Nf3 Nf6 4. Nc3 dxc4 5. Ne5 b5 6. g3 Bb7 7. Bg2 a6 8. a4 e6
9. Bg5 Qb6 10. e4 Nbd7 11. Nxd7 Nxd7 12. O-O f6 13. Be3 Qc7 14. d5 Rd8 15. dxc6
Ne5 16. Qh5+ g6 17. Qh3 Qxc6 18. axb5 axb5 19. Ne2 Nd3 20. Ra7 e5 21. Rfa1 Bc8
22. Qh4 h5 23. Bf3 Bd7 24. Nc3 Nb4 25. Nd5 Nxd5 26. exd5 Qd6 27. R1a6 Qe7 28.
Re6 Bxe6 29. Rxe7+ Kxe7 30. Bc5+ Kf7 31. dxe6+ Kxe6 32. Bxf8 Rhxf8 33. Qe4 Rd4
34. Qc6+ Kf5 35. Bd5 Rd8 36. Be6+ Kg5 37. h4+ Kh6 38. Qxb5 Rd1+ 39. Kg2 e4 40.
Qxc4 R1d4 41. Qc1+ Rd2 42. Qc3 Kg7 43. Qc7+ Kh6 44. b4 f5 45. b5 R8d3 46. Qe7
1-0

[Event "XXIX Memorial Edoardo Crespi A"]
[Site "Milano ITA"]
[Date "2008.12.12"]
[Round "8"]
[White "Borin, Fabio"]
[Black "Calella, Sergio"]
[Result "1/2-1/2"]
[WhiteElo "2130"]
[BlackElo "2132"]
[PlyCount "65"]
[EventDate "2008.12.06"]

1. d4 Nf6 2. c4 c5 3. e3 cxd4 4. exd4 d5 5. Nc3 g6 6. cxd5 Nxd5 7. Qb3 Nb6 8.
Bb5+ Bd7 9. Bf4 Bg7 10. Nf3 O-O 11. Be5 Nc6 12. Bxg7 Kxg7 13. d5 Na5 14. Qb4
Bxb5 15. Qxb5 Nac4 16. b3 Nd6 17. Qd3 Rc8 18. O-O Qd7 19. Rfe1 Rfd8 20. Re5 Nf5
21. g4 Nd6 22. Qd4 Kg8 23. Rae1 Nb5 24. Nxb5 Qxb5 25. d6 Qc6 26. Rxe7 Rxd6 27.
Re8+ Rxe8 28. Rxe8+ Qxe8 29. Qxd6 Qd7 30. Qb8+ Kg7 31. Ne5 Qd1+ 32. Kg2 Qd5+
33. Nf3 1/2-1/2

[Event "XXIX Memorial Edoardo Crespi A"]
[Site "Milano ITA"]
[Date "2008.12.12"]
[Round "8"]
[White "Bove, Alessandro"]
[Black "Barsov, Alexei"]
[Result "0-1"]
[WhiteElo "2246"]
[BlackElo "2513"]
[PlyCount "94"]
[EventDate "2008.12.06"]

1. e4 e6 2. d4 d5 3. Nc3 Bb4 4. e5 Ne7 5. Nf3 c5 6. Bd2 O-O 7. Nb5 Bxd2+ 8.
Qxd2 b6 9. Bd3 Ba6 10. a4 f6 11. Ra3 Nd7 12. Qf4 Bxb5 13. Bxb5 fxe5 14. Qg4 Rf5
15. Bxd7 Qxd7 16. Nxe5 Qd6 17. Rg3 g6 18. O-O cxd4 19. f4 Raf8 20. Rf2 Qb4 21.
Qe2 Qd6 22. Rgf3 Nc6 23. h3 Nxe5 24. fxe5 Qc5 25. Kh2 Rxf3 26. Rxf3 Rxf3 27.
gxf3 Qc4 28. Qd2 Qxa4 29. Kg3 Qc4 30. h4 d3 31. cxd3 Qd4 32. Qe2 Kg7 33. Kh3
Qf4 34. b3 Kh6 35. Qf2 Qf5+ 36. Kg3 Qxd3 37. Qe1 Qf5 38. Qa1 g5 39. hxg5+ Qxg5+
40. Kh3 Qf4 41. Kg2 a5 42. Qh1+ Kg6 43. Qb1+ Kg7 44. Qe1 d4 45. Qe2 Qg5+ 46.
Kh2 Qe3 47. Qb5 Qf2+ 0-1

[Event "XXIX Memorial Edoardo Crespi A"]
[Site "Milano ITA"]
[Date "2008.12.12"]
[Round "8"]
[White "Bozzali, Ermanno"]
[Black "Damia, Angelo"]
[Result "1/2-1/2"]
[WhiteElo "2154"]
[BlackElo "2221"]
[PlyCount "119"]
[EventDate "2008.12.06"]

1. e4 Nf6 2. e5 Nd5 3. c4 Nb6 4. d4 d6 5. exd6 cxd6 6. Nc3 g6 7. Be3 Bg7 8. Rc1
O-O 9. b3 Bf5 10. Be2 h6 11. Nf3 Bg4 12. O-O e6 13. Qd2 h5 14. Rfd1 d5 15. c5
Nc8 16. Bh6 Nc6 17. Bxg7 Kxg7 18. h3 Bxf3 19. Bxf3 Qh4 20. b4 a6 21. Rb1 N8e7
22. Ne2 Nf5 23. Rb3 a5 24. b5 a4 25. Rbb1 Na5 26. g3 Qf6 27. Bg2 Nc4 28. Qb4 a3
29. Rd3 Ra7 30. b6 Ra6 31. Rc1 Qe7 32. Rxc4 dxc4 33. Rxa3 Rxa3 34. Qxa3 e5 35.
d5 Nd4 36. Nc3 Rc8 37. d6 Qd7 38. Qb4 Ne6 39. c6 Rxc6 40. Bxc6 Qxc6 41. d7 Qxd7
42. Qxc4 Ng5 43. h4 Nf3+ 44. Kg2 Ne1+ 45. Kf1 Nf3 46. Kg2 Ne1+ 47. Kf1 Qd2 48.
Qe2 Qxc3 49. Qxe1 Qc4+ 50. Qe2 Qd5 51. Qb2 Qh1+ 52. Ke2 Qe4+ 53. Kf1 Qh1+ 54.
Ke2 Qe4+ 55. Kf1 Kf8 56. Qb3 Qh1+ 57. Ke2 Qe4+ 58. Kf1 Qh1+ 59. Ke2 Qe4+ 60.
Kf1 1/2-1/2

[Event "XXIX Memorial Edoardo Crespi A"]
[Site "Milano ITA"]
[Date "2008.12.12"]
[Round "8"]
[White "Cazzaniga, Walter"]
[Black "Profumo, Alberto"]
[Result "1/2-1/2"]
[WhiteElo "2160"]
[BlackElo "2231"]
[PlyCount "122"]
[EventDate "2008.12.06"]

1. d4 Nf6 2. c4 g6 3. Nc3 d5 4. Nf3 Bg7 5. Qb3 dxc4 6. Qxc4 O-O 7. e4 Na6 8.
Be2 c5 9. d5 e6 10. O-O exd5 11. exd5 b6 12. Bf4 Nb4 13. Rad1 Re8 14. Qb3 Bf5
15. Rd2 a5 16. Bb5 Bd7 17. Bxd7 Qxd7 18. a3 a4 19. Qc4 Nh5 20. Be3 Bxc3 21.
bxc3 Na6 22. Rb1 Reb8 23. Ne5 Qf5 24. Nd3 b5 25. Qa2 c4 26. Nb4 Nxb4 27. Rxb4
Nf6 28. Qb1 Ne4 29. Rc2 Qxd5 30. Bd4 Rb7 31. Re2 f5 32. f3 Ng5 33. Re5 Qc6 34.
Rexb5 Rxb5 35. Rxb5 Re8 36. Rb7 Nf7 37. Qb5 Qe6 38. h3 f4 39. Kh2 h6 40. Qd7
Qxd7 41. Rxd7 Re2 42. Ra7 Ng5 43. Kg1 Ne6 44. Bf6 g5 45. Kf1 Re3 46. Rxa4 Kf7
47. Bh8 Rd3 48. Rxc4 Rd1+ 49. Ke2 Ra1 50. a4 Ra2+ 51. Kd3 Rxg2 52. Be5 Ra2 53.
Ke4 Rxa4 54. Rxa4 Nc5+ 55. Kf5 Nxa4 56. c4 Nb6 57. c5 Nd5 58. c6 Ne7+ 59. Ke4
Nxc6 60. Bd6 Kg6 61. h4 Kh5 1/2-1/2

[Event "XXIX Memorial Edoardo Crespi A"]
[Site "Milano ITA"]
[Date "2008.12.12"]
[Round "8"]
[White "Crippa, Gabriele"]
[Black "Barberi, Alessandro"]
[Result "1-0"]
[WhiteElo "2080"]
[BlackElo "2156"]
[PlyCount "51"]
[EventDate "2008.12.06"]

1. d4 g6 2. Nf3 Bg7 3. e4 d6 4. Bc4 a6 5. c3 b5 6. Bb3 Nf6 7. O-O O-O 8. Qe2 c5
9. dxc5 dxc5 10. Rd1 Qc7 11. e5 Ne8 12. Bd5 Bb7 13. Bxb7 Qxb7 14. e6 f6 15. a4
Nd6 16. axb5 axb5 17. Rxa8 Qxa8 18. Na3 Qc6 19. Bf4 b4 20. cxb4 cxb4 21. Bxd6
exd6 22. e7 Re8 23. Qe6+ Kh8 24. Nc4 d5 25. Nd6 h5 26. Qf7 1-0

[Event "XXIX Memorial Edoardo Crespi A"]
[Site "Milano ITA"]
[Date "2008.12.12"]
[Round "8"]
[White "Drazic, Sinisa"]
[Black "Salvador, Roland"]
[Result "0-1"]
[WhiteElo "2528"]
[BlackElo "2464"]
[PlyCount "98"]
[EventDate "2008.12.06"]

1. e4 c5 2. Nc3 Nc6 3. Bb5 Nd4 4. Bc4 g6 5. Nf3 Bg7 6. O-O a6 7. Nxd4 cxd4 8.
Ne2 Nf6 9. Bd3 d5 10. exd5 Nxd5 11. c3 O-O 12. cxd4 Bg4 13. Qb3 Be6 14. Qa3 b5
15. Be4 Qd7 16. h3 Rfc8 17. Re1 a5 18. Qg3 Ra7 19. a3 Rac7 20. d3 Rc2 21. Rb1
b4 22. Bg5 h6 23. Be3 Kh7 24. axb4 axb4 25. h4 Nxe3 26. fxe3 Ba2 27. Ra1 Bd5
28. Bxd5 Qxd5 29. Nf4 Qd6 30. b3 R8c3 31. Ra8 Rxd3 32. h5 Rxb3 33. Rf1 Rxe3 34.
Qxe3 Bxd4 35. Nd5 Bxe3+ 36. Nxe3 Kg7 37. Nxc2 Qb6+ 38. Rf2 b3 39. Nd4 Qc5 40.
Rd2 e5 41. hxg6 f6 42. Ra1 exd4 43. Rb2 d3+ 44. Kf1 Qc2 45. Rxb3 Qe2+ 46. Kg1
d2 47. Rg3 Qe1+ 48. Rxe1 dxe1=Q+ 49. Kh2 Qe5 0-1

[Event "XXIX Memorial Edoardo Crespi A"]
[Site "Milano ITA"]
[Date "2008.12.12"]
[Round "8"]
[White "Facchetti, Gianni"]
[Black "Pucovski, Miroslav"]
[Result "1/2-1/2"]
[WhiteElo "2154"]
[BlackElo "2343"]
[PlyCount "86"]
[EventDate "2008.12.06"]

1. e4 c5 2. Nf3 Nc6 3. Bb5 e6 4. Bxc6 bxc6 5. d3 Ne7 6. c4 Ng6 7. Nc3 Be7 8.
O-O e5 9. Ne2 d6 10. Ng3 O-O 11. Be3 f5 12. exf5 Bxf5 13. Nxf5 Rxf5 14. Nd2 Rb8
15. Qg4 Qf8 16. Qe4 Qc8 17. b3 Qd7 18. Qg4 Rbf8 19. Ne4 Qc8 20. Ng3 Rxf2 21.
Qe4 Rxf1+ 22. Rxf1 Rxf1+ 23. Kxf1 Nh4 24. Kg1 g6 25. d4 cxd4 26. Bxd4 Qd7 27.
Bc3 Bf6 28. Qe2 Nf5 29. Ne4 Bg7 30. g4 Nd4 31. Bxd4 exd4 32. h3 Qe6 33. Qf3 h6
34. Kg2 d5 35. cxd5 Qxd5 36. Nf2 Qd7 37. Qe4 g5 38. Nd3 Qd6 39. Kf3 Qf6+ 40.
Ke2 Kf7 41. Nb4 c5 42. Nd3 Bf8 43. Qf3 Bd6 1/2-1/2

[Event "XXIX Memorial Edoardo Crespi A"]
[Site "Milano ITA"]
[Date "2008.12.12"]
[Round "8"]
[White "Garano, Nicola"]
[Black "Ljubicic, Filip"]
[Result "0-1"]
[WhiteElo "2251"]
[BlackElo "2415"]
[PlyCount "60"]
[EventDate "2008.12.06"]

1. e4 c5 2. Nf3 Nc6 3. d4 cxd4 4. Nxd4 Nf6 5. Nc3 e5 6. Ndb5 d6 7. Bg5 a6 8.
Na3 b5 9. Bxf6 gxf6 10. Nd5 Be6 11. c3 Bg7 12. Nc2 f5 13. exf5 Bxf5 14. Nce3
Bg6 15. a4 Rb8 16. axb5 axb5 17. Be2 O-O 18. Ra6 Rc8 19. Bxb5 Nd4 20. cxd4 exd4
21. Nc4 Qg5 22. O-O Qxd5 23. Nxd6 Rcd8 24. Bc4 Qc5 25. b4 Qc7 26. Qc1 Rxd6 27.
Bxf7+ Qxf7 28. Rxd6 Bd3 29. Re1 Qxf2+ 30. Kh1 Bf1 0-1

[Event "XXIX Memorial Edoardo Crespi A"]
[Site "Milano ITA"]
[Date "2008.12.12"]
[Round "8"]
[White "Iudicello, Giovanni"]
[Black "Bonanno, Alessandro"]
[Result "1-0"]
[WhiteElo "2183"]
[BlackElo "2125"]
[PlyCount "131"]
[EventDate "2008.12.06"]

1. e4 c5 2. Nf3 Nc6 3. d4 cxd4 4. Nxd4 Nf6 5. Nc3 e5 6. Ndb5 d6 7. Bg5 a6 8.
Na3 b5 9. Nd5 Be7 10. Bxf6 Bxf6 11. c3 Ne7 12. Nc2 Bb7 13. Nce3 Bg5 14. Nxe7
Bxe7 15. Qd3 O-O 16. Be2 Kh8 17. Rd1 g6 18. Nd5 f5 19. Nxe7 Qxe7 20. Qxd6 Qxd6
21. Rxd6 Bxe4 22. O-O Rfd8 23. Rfd1 Rxd6 24. Rxd6 Bb1 25. a3 Ba2 26. Kf1 Ra7
27. Ke1 Kg7 28. Kd2 Kf7 29. Kc2 Ke7 30. Rb6 Be6 31. b3 Bc8 32. c4 Rc7 33. Kc3
Kd7 34. Kb4 bxc4 35. Bxc4 e4 36. g3 Rb7 37. Ka5 Rxb6 38. Kxb6 g5 39. b4 f4 40.
gxf4 gxf4 41. Kc5 Bb7 42. Kd4 Kd6 43. Bg8 h6 44. Bh7 e3 45. fxe3 fxe3 46. Kxe3
Ke5 47. Bd3 Bc8 48. Bc4 Bb7 49. a4 Bc8 50. a5 Bb7 51. Be2 Bc8 52. b5 axb5 53.
Bxb5 Bb7 54. Bc4 Bc8 55. Kd3 Kf4 56. Kd4 Kg4 57. Ke5 Bb7 58. Be6+ Kg5 59. Kd6
Ba6 60. Kc5 h5 61. Bc4 Bb7 62. Kb6 Be4 63. a6 Kg4 64. Be6+ Kf3 65. Bc8 h4 66.
Bb7 1-0